000 00338nam a22001337a 4500
003 dpl
005 20241203114343.0
008 241203b |||||||| |||| 00| 0 eng d
022 _a0970-2385
245 _aAbhigyan
_cNirmalya bandyopadhyay
260 _aNew Delhi
_bsage publication
300 _aVol.42, Issue 4
942 _2ddc
_cSR
_mABH
_s1
999 _c207339
_d207339